Normal view
MARC view
Entry Geographic Name
001 - CONTROL NUMBER
- control field: 2986
003 - CONTROL NUMBER IDENTIFIER
- control field: OSt
005 - DATE AND TIME OF LATEST TRANSACTION
- control field: 20220427112914.0
008 - FIXED-LENGTH DATA ELEMENTS
- fixed length control field: 220427|| aca||aabn | a|a d
040 ## - CATALOGING SOURCE
- Original cataloging agency: OSt
- Transcribing agency: OSt
151 ## - HEADING--GEOGRAPHIC NAME
- Geographic name: Uhorsko
- General subdivision: dejiny
670 ## - SOURCE DATA FOUND
- Source citation: Work cat.: (OSt)0: Dvořák, Pavel, 1937-2018 aut 2979, Stopy dávnej minulosti 9 Posledný Turek. Stavovské povstanie a koniec osmanských vojen, 2018